Central Library OPAC University of Rajshahi

Minor poets of the Caroline period / (Record no. 19779)

MARC details
000 -LEADER
fixed length control field 01997cam a22002771 4500
001 - CONTROL NUMBER
control field 19779
003 - CONTROL NUMBER IDENTIFIER
rucl marc code BD-RjUL
005 - DATE AND TIME OF LATEST TRANSACTION
control field 20211209000458.0
008 - FIXED-LENGTH DATA ELEMENTS--GENERAL INFORMATION
fixed length control field 140225s1921 enkf 000 0 eng
035 ## - SYSTEM CONTROL NUMBER
System control number (BD-RjUL)19840
System control number (OCoLC)1097069
040 ## - CATALOGING SOURCE
Original cataloging agency DLC
Transcribing agency PPSJ
Modifying agency OCoLC
-- DLC
-- BD-RjUL
Language of cataloging eng
041 ## - LANGUAGE CODE
Language code of text/sound track or separate title eng
082 ## - DEWEY DECIMAL CLASSIFICATION NUMBER
Classification number 821.4
Author mark and year MIN
245 10 - TITLE STATEMENT
Title Minor poets of the Caroline period /
Statement of responsibility, etc. ed. by George Saintsbury, M.A.
Number of part/section of a work Volume III
260 ## - PUBLICATION, DISTRIBUTION, ETC. (IMPRINT)
Place of publication, distribution, etc. Oxford :
Name of publisher, distributor, etc. At the Clarendon Press,
Date of publication, distribution, etc. 1921.
300 ## - PHYSICAL DESCRIPTION
Pagination 460 p. :
Illustrations front., plates.
Size 23 cm.
500 ## - GENERAL NOTE
General note With reproductions of original title-pages.
General note --v. 3. John Cleveland: Poems. Thomas Stanley: Poems not printed after 1647; Poems printed in 1647 and reprinted in 1656 but not in 1651; 1651 poems; Poems appearing only in the edition of 1656. Henry King: Poems, elegies, paradoxes, and sonnets. Thomas Flatman: Poems and songs. Nathaniel Whiting: The pleasing history of Albino and Bellama.
505 0# - FORMATTED CONTENTS NOTE
Formatted contents note v. 1. General introduction. William Chamberlayne: Pharonnida; England's jubilee. Edward Benlowes: Theophila; The summary of wisdom; A Poetic descant upon a private music-meeting. Katherine Philips: Poems. Patrick Hannay: Philomela; Sheretine and Mariana; A happy husband; Elegies on the death of our late sovereign Queen Anne, with epitaphs; Songs and sonnets.--v. 2. Shakerley Marmion: The legend of Cupid and Psyche. Sir Francis Kynaston: Leoline and Sydanis; Cynthiades, or Amorous sonnets. John Hall: Poems. The first book; Divine poems. The second book. Sidney Godolphin: Poems. Philip Ayres: Lyric poems; Emblems of love. John Chalkhill: Thealma and Clearchus; Coridon's song; Oh, the brave fisher's life. Patrick Carey: Ballads; Triolets. William Hammond: Poems. William Bosworth: Arcadius and Sepha; Hinc lachrimae.
650 #0 - SUBJECT ADDED ENTRY--TOPICAL TERM
Topical term or geographic name as entry element English poetry
Chronological subdivision Early modern, 1500-1700.
9 (RLIN) 4392
700 1# - ADDED ENTRY--PERSONAL NAME
Personal name Saintsbury, George,
Dates associated with a name 1845-1933,
942 ## - ADDED ENTRY ELEMENTS (KOHA)
Source of classification or shelving scheme Dewey Decimal Classification
Koha item type Books
Holdings
Lost status Source of classification or shelving scheme Damaged status Not for loan Collection code Permanent Location Current Location Shelving location Date acquired Source of acquisition Cost, normal purchase price Total Checkouts Full call number Date last seen Copy number Koha item type
  Dewey Decimal Classification   Not For Loan Fiction Central Library, University of Rajshahi Central Library, University of Rajshahi Reading Room 19/02/1955 Court H. St. Dacca 11.10   821.4 MIN V-3 1921 25/02/2014 C-1 Books
  Dewey Decimal Classification   Not For Loan Non-fiction Central Library, University of Rajshahi Central Library, University of Rajshahi Reading Room 19/02/1955 Court H. St. Dacca 11.10   821.4 MIN V-1 1905 04/03/2020 C-1 Books
  Dewey Decimal Classification   Not For Loan Non-fiction Central Library, University of Rajshahi Central Library, University of Rajshahi Reading Room 19/02/1955 Court H. St. Dacca 11.10   821.4 MIN 1906 V-2 05/03/2020 C-1 Books